Online
Catalog

Hostos, el sembrador / (Record no. 296)

MARC details
000 -CABECERA
campo de control de longitud fija 01101nam a2200277 a 4500
003 - IDENTIFICADOR DEL NÚMERO DE CONTROL
campo de control OSt
005 - FECHA Y HORA DE LA ÚLTIMA TRANSACCIÓN
campo de control 20260321073637.0
008 - DATOS DE LONGITUD FIJA--INFORMACIÓN GENERAL
campo de control de longitud fija 081031s2006 dr r 001 0 spa d
020 ## - NÚMERO INTERNACIONAL ESTÁNDAR DEL LIBRO
ISBN cancelado o inválido 9993488620
040 ## - FUENTE DE LA CATALOGACIÓN
Centro catalogador/agencia de origen DO-SdBNP
Lengua de catalogación spa
Centro/agencia transcriptor BNPHU
082 ## - NÚMERO DE LA CLASIFICACIÓN DECIMAL DEWEY
Número de clasificación 923.77295
Número de documento/Ítem H831b, 2006
Número de edición 22
100 1# - ENTRADA PRINCIPAL--NOMBRE DE PERSONA
Nombre de persona Bosch, Juan,
Fechas asociadas al nombre 1909-2001
Numeración 1909-2001
9 (RLIN) 76555
245 10 - MENCIÓN DE TÍTULO
Título Hostos, el sembrador /
Mención de responsabilidad, etc. Juan Bosch.
250 ## - MENCIÓN DE EDICIÓN
Mención de edición 10a. ed.
260 ## - PUBLICACIÓN, DISTRIBUCIÓN, ETC.
Lugar de publicación, distribución, etc. Santo Domingo :
Nombre del editor, distribuidor, etc. Fundación Juan Bosch,
Fecha de publicación, distribución, etc. 2006.
300 ## - DESCRIPCIÓN FÍSICA
Extensión 278 p. ;
Dimensiones 23 cm.
490 1# - MENCIÓN DE SERIE
Mención de serie Biografías americanas
Designación de volumen o secuencia 5
500 ## - NOTA GENERAL
Nota general Edición especial en homenaje a Eugenio María de Hostos con motivo de los 100 años de su muerte
505 2# - NOTA DE CONTENIDO CON FORMATO
Nota de contenido con formato Prólogo para una edición puertorriqueña de Hostos, el sembrador -- La semilla -- El surco y la siembra -- La triste cosecha.
590 ## - NOTA LOCAL (RLIN)
Nota local Inventariado, 2020/VM
600 10 - PUNTO DE ACCESO ADICIONAL DE MATERIA--NOMBRE DE PERSONA
Nombre de persona Hostos y Bonilla, Eugenio María
Fechas asociadas al nombre 1839-1903
9 (RLIN) 1004
650 #4 - PUNTO DE ACCESO ADICIONAL DE MATERIA--TÉRMINO DE MATERIA
Término de materia o nombre geográfico como elemento de entrada Intelectuales
Subdivisión de forma Biografía de Puerto Rico.
Subdivisión general
9 (RLIN) 77588
830 #0 - PUNTO DE ACCESO ADICIONAL DE SERIE-TÍTULO UNIFORME
Título uniforme Biografías americanas
Designación de volumen o secuencia 5
9 (RLIN) 1005
910 ## - DATOS DE OPCIÓN DEL USUARIO (OCLC)
Datos de opción del usuario VMateo / Validado. Control de calidad. MMOLINA
942 ## - ELEMENTOS DE PUNTO DE ACCESO ADICIONAL (KOHA)
Fuente del sistema de clasificación o colocación Dewey Decimal Classification
Tipo de ítem Koha Libro
Holdings
Estado de retiro Estado de pérdida Fuente del sistema de clasificación o colocación Restricciones de uso No para préstamo Código de colección Localización permanente Ubicación/localización actual Ubicación en estantería Fecha de adquisición Fuente de adquisición Total de préstamos Signatura topográfica completa Código de barras Fecha visto por última vez Número de copia Precio válido a partir de Tipo de ítem Koha Número de inventario
    Dewey Decimal Classification Préstamo en sala Préstamo en sala Dominicana de Servicio Biblioteca Nacional Pedro Henríquez Ureña Biblioteca Nacional Pedro Henríquez Ureña Depósito 11.07.2009 Compra   BNPHU DS 923.77295 H831b, 2006 297-30 25.06.2020 e. 3 25.06.2020 Libros y folletos  
    Dewey Decimal Classification Préstamo en sala Préstamo en sala Dominicana de Servicio Biblioteca Nacional Pedro Henríquez Ureña Biblioteca Nacional Pedro Henríquez Ureña Depósito 11.07.2009 Compra   BNPHU DS 923.77295 H831b, 2006 297-40 25.06.2020 e. 4 25.06.2020 Libros y folletos
  Extraviado     Préstamo en sala Dominicana de Servicio Biblioteca Nacional Pedro Henríquez Ureña Biblioteca Nacional Pedro Henríquez Ureña Extraviado 11.07.2009     923.77295 H831b, 2006 297-50 25.06.2020 e. 5 25.06.2020 Libros y folletos LF1
    Dewey Decimal Classification Excluido de préstamo Préstamo restrigido Patrimonio Dominicano Biblioteca Nacional Pedro Henríquez Ureña Biblioteca Nacional Pedro Henríquez Ureña Depósito 11.07.2009 Compra   BNPHU PD 923.77295 H831b, 2006 297-10 25.06.2020   25.06.2020 Libros y folletos  
    Dewey Decimal Classification Préstamo restringido Préstamo restrigido Patrimonio Dominicano Biblioteca Nacional Pedro Henríquez Ureña Biblioteca Nacional Pedro Henríquez Ureña Depósito 11.07.2009 Compra   BNPHU PD S 923.77295 H831b, 2006 297-20 25.06.2020 e. 2 25.06.2020 Libros y folletos

Powered by Koha